Statistics for All the Portuguese Monarchs

Click here to take the quiz!

General Stats

  • This quiz has been taken 177 times
  • The average score is 18 of 30

Answer Stats

ReignHouseAnswer% Correct
1385-1433AvizJohn I
83%
1481-1495AvizJohn II
83%
1521-1557AvizJohn III
83%
1640-1656BraganzaJohn IV
83%
1706-1750BraganzaJohn V
83%
1816-1826BraganzaJohn VI
83%
1357-1367BurgundyPedro I
74%
1683-1706BraganzaPedro II
74%
1853-1861BraganzaPedro III
74%
1495-1521AvizManuel I
67%
1908-1910BraganzaManuel II
67%
1578-1580AvizHenry
65%
1777-1816BraganzaMaria I
61%
1834-1853BraganzaMaria II
61%
1139-1185BurgundyAfonso I
57%
1211-1223BurgundyAfonso II
57%
1247-1279BurgundyAfonso III
57%
1325-1357BurgundyAfonso IV
57%
1438-1481AvizAfonso V
57%
1656-1683BraganzaAfonso VI
57%
1861-1889BraganzaLouis
53%
1889-1908BraganzaCarlos
50%
1557-1578AvizSebastian
49%
1750-1777BraganzaJose I
46%
1185-1211BurgundySancho I
45%
1211-1247BurgundySancho II
45%
1433-1438AvizDuarte
42%
1826-1834BraganzaMiguel
40%
1367-1383BurgundyFernando I
39%
1279-1325BurgundyDenis
37%

Score Distribution

Percentile by Number Answered

Percent of People with Each Score

Your Score History

You have not taken this quiz